[Event "11th Arad Open 2018"]
[Site "Arad"]
[Date "2018.08.11"]
[Round "8"]
[White "Velickovic, Sasa"]
[Black "Macovei, Andrei"]
[Result "1-0"]
[WhiteElo "2290"]
[BlackElo "2394"]
[Annotator "NA"]
[PlyCount "119"]
[EventDate "2018.08.05"]
[EventType "swiss"]
[EventCountry "ROU"]
[SourceTitle "playchess.com"]
[Source "ChessBase"]
[SourceQuality "1"]
[TimeControl "40/5400+30:1800+30"]

1. e4 {[%emt 0:00:00]} c6 {[%emt 0:00:10]} 2. d4 {[%emt 0:00:36]} d5 {[%emt 0:00:05]} 3. Nd2 {[%emt 0:00:25]} dxe4 {[%emt 0:01:17]} 4. Nxe4 {[%emt 0:00:11]} Bf5 {[%emt 0:00:03]} 5. Nc5 {[%emt 0:00:35]} Nd7 {[%emt 0:03:13]} 6. Nxd7 {[%emt 0:06:38]} Qxd7 {[%emt 0:04:04]} 7. Nf3 {[%emt 0:00:09]} e6 {[%emt 0:00:47]} 8. Be2 {[%emt 0:09:37]} Nf6 {[%emt 0:05:50]} 9. Ne5 {[%emt 0:13:39]} Qd5 {[%emt 0:15:21]} 10. O-O {[%emt 0:00:39]} Rd8 {[%emt 0:01:07]} 11. c3 {[%emt 0:01:31]} h6 {[%emt 0:03:33]} 12. Re1 {[%emt 0:07:03]} Be7 {[%emt 0:02:53]} 13. Bf4 {[%emt 0:02:46]} O-O {[%emt 0:07:07]} 14. Qa4 {[%emt 0:02:12]} Ra8 {[%emt 0:00:58]} 15. Bf3 {[%emt 0:03:28]} Qd8 {[%emt 0:00:32]} 16. Qb3 {[%emt 0:00:41]} Qb6 {[%emt 0:05:47]} 17. Nc4 {[%emt 0:01:49]} Qxb3 {[%emt 0:08:11]} 18. axb3 {[%emt 0:00:09]} Rfd8 {[%emt 0:00:10]} 19. Bc7 {[%emt 0:03:24]} Rdc8 {[%emt 0:01:03]} 20. Bg3 {[%emt 0:00:09]} Bg4 {[%emt 0:02:13]} 21. Bxg4 {[%emt 0:03:51]} Nxg4 {[%emt 0:00:04]} 22. h3 {[%emt 0:00:14]} Nf6 {[%emt 0:00:27]} 23. Ra2 {[%emt 0:01:44]} b5 {[%emt 0:09:35]} 24. Ne5 {[%emt 0:08:41]} c5 {[%emt 0:01:34]} 25. dxc5 {[%emt 0:00:09]} Bxc5 {[%emt 0:00:23]} 26. b4 {[%emt 0:00:06]} Bb6 {[%emt 0:01:09]} 27. Nf3 {[%emt 0:07:23]} Rd8 {[%emt 0:08:05]} 28. Be5 {[%emt 0:00:47]} Nd5 {[%emt 0:00:06]} 29. Rea1 {[%emt 0:05:14]} Rac8 {[%emt 0:05:51]} 30. Ra3 {[%emt 0:01:27]} Rc4 {[%emt 0:02:31]} 31. Rb3 {[%emt 0:07:08]} Nf4 {[%emt 0:04:09]} 32. Kf1 {[%emt 0:00:06]} Nd3 {[%emt 0:00:58]} 33. Bd4 {[%emt 0:00:25]} Rd5 {[%emt 0:04:06]} 34. Bxb6 {[%emt 0:01:19]} axb6 {[%emt 0:00:01]} 35. Rd1 {[%emt 0:04:34]} Rf4 {[%emt 0:01:22]} 36. Rd2 {[%emt 0:00:11]} Re4 {[%emt 0:01:35]} 37. g3 {[%emt 0:01:47]} g5 {[%emt 0:00:35]} 38. Ra3 {[%emt 0:00:10]} Kg7 {[%emt 0:01:21]} 39. Ra1 {[%emt 0:00:07]} g4 {[%emt 0:00:41]} 40. hxg4 {[%emt 0:00:00]} Ne5 {[%emt 0:00:00]} 41. Rxd5 {[%emt 0:15:49]} exd5 {[%emt 0:15:49]} 42. Nxe5 {[%emt 0:00:22]} Rxe5 {[%emt 0:00:00]} 43. Rd1 {[%emt 0:01:44]} Rg5 {[%emt 0:01:46]} 44. Rd4 {[%emt 0:01:48]} Kf6 {[%emt 0:01:51]} 45. f3 {[%emt 0:03:30]} Ke6 {[%emt 0:00:40]} 46. Kf2 {[%emt 0:00:10]} f6 {[%emt 0:01:05]} 47. Rd1 {[%emt 0:01:47]} h5 {[%emt 0:00:25]} 48. Re1+ {[%emt 0:00:08]} Kd7 {[%emt 0:01:23]} 49. gxh5 {[%emt 0:00:09]} Rxh5 {[%emt 0:00:01]} 50. Kg2 {[%emt 0:00:07]} Rh8 {[%emt 0:01:08]} 51. g4 {[%emt 0:00:12]} Ra8 {[%emt 0:05:33]} 52. Kg3 {[%emt 0:00:13]} Ra2 {[%emt 0:00:03]} 53. Re2 {[%emt 0:00:10]} Ra1 {[%emt 0:00:46]} 54. Kf4 {[%emt 0:01:54]} Rf1 {[%emt 0:01:12]} 55. Re3 {[%emt 0:00:21]} Rd1 {[%emt 0:00:12]} 56. Kf5 {[%emt 0:00:28]} d4 {[%emt 0:00:01]} 57. cxd4 {[%emt 0:00:15]} Rxd4 {[%emt 0:00:02]} 58. Kxf6 {[%emt 0:00:22]} Rxb4 {[%emt 0:00:03]} 59. Rd3+ {[%emt 0:01:20]} Ke8 {[%emt 0:00:09]} 60. b3 1-0

[Event "11th Arad Open 2018"]
[Site "Arad"]
[Date "2018.08.11"]
[Round "8"]
[White "Cerbulenco, Liviu"]
[Black "Leszko, Bence"]
[Result "1-0"]
[WhiteElo "2287"]
[BlackElo "2011"]
[Annotator "NA"]
[PlyCount "63"]
[EventDate "2018.08.05"]
[EventType "swiss"]
[EventCountry "ROU"]
[SourceTitle "playchess.com"]
[Source "ChessBase"]
[SourceQuality "1"]
[TimeControl "40/5400+30:1800+30"]

1. e4 {[%emt 0:00:01]} e6 {[%emt 0:00:30]} 2. d4 {[%emt 0:00:14]} d5 {[%emt 0:00:11]} 3. Nd2 {[%emt 0:00:07]} c5 {[%emt 0:01:18]} 4. exd5 {[%emt 0:00:05]} Qxd5 {[%emt 0:00:18]} 5. Ngf3 {[%emt 0:00:09]} cxd4 {[%emt 0:00:08]} 6. Bc4 {[%emt 0:00:05]} Qd7 {[%emt 0:00:18]} 7. O-O {[%emt 0:00:14]} Nc6 {[%emt 0:00:04]} 8. Nb3 {[%emt 0:00:06]} a6 {[%emt 0:00:04]} 9. Nbxd4 {[%emt 0:05:32]} Nxd4 {[%emt 0:00:15]} 10. Qxd4 {[%emt 0:00:06]} Qxd4 {[%emt 0:00:06]} 11. Nxd4 {[%emt 0:00:07]} b5 {[%emt 0:00:49]} 12. Be2 {[%emt 0:00:46]} Bb7 {[%emt 0:00:08]} 13. Bf4 {[%emt 0:02:04]} Nf6 {[%emt 0:06:42]} 14. c3 {[%emt 0:00:11]} Nd7 {[%emt 0:02:52]} 15. Rfe1 {[%emt 0:11:23]} Be7 {[%emt 0:02:51]} 16. Rad1 {[%emt 0:11:22]} Nc5 {[%emt 0:07:06]} 17. Bf1 {[%emt 0:01:29]} Rd8 {[%emt 0:10:38]} 18. Nxb5 {[%emt 0:28:33]} axb5 {[%emt 0:02:25]} 19. Bxb5+ {[%emt 0:00:06]} Kf8 {[%emt 0:01:37]} 20. Rxd8+ {[%emt 0:00:05]} Bxd8 {[%emt 0:00:05]} 21. Rd1 {[%emt 0:00:20]} Be7 {[%emt 0:00:50]} 22. b4 {[%emt 0:12:53]} Ne4 {[%emt 0:00:12]} 23. Rd7 {[%emt 0:00:18]} Bd5 {[%emt 0:02:53]} 24. c4 {[%emt 0:01:40]} g5 {[%emt 0:13:45]} 25. Be3 {[%emt 0:05:31]} Nf6 {[%emt 0:13:49]} 26. Ra7 {[%emt 0:01:45]} Be4 {[%emt 0:01:10]} 27. f3 {[%emt 0:03:09]} Bd3 {[%emt 0:04:14]} 28. Bd4 {[%emt 0:02:07]} Bd8 {[%emt 0:01:32]} 29. a4 {[%emt 0:01:31]} Kg7 {[%emt 0:02:20]} 30. a5 {[%emt 0:03:11]} Kg6 {[%emt 0:01:34]} 31. Rb7 {[%emt 0:00:09]} g4 {[%emt 0:01:30]} 32. a6 1-0

[Event "11th Arad Open 2018"]
[Site "Arad"]
[Date "2018.08.11"]
[Round "8"]
[White "Pisu, Robert-Daniel"]
[Black "Visanescu, Daria-Ioana"]
[Result "1/2-1/2"]
[WhiteElo "2282"]
[BlackElo "2075"]
[Annotator "NA"]
[PlyCount "78"]
[EventDate "2018.08.05"]
[EventType "swiss"]
[EventCountry "ROU"]
[SourceTitle "playchess.com"]
[Source "ChessBase"]
[SourceQuality "1"]
[TimeControl "40/5400+30:1800+30"]

1. d4 {[%emt 0:00:00]} d5 {[%emt 0:00:00]} 2. Bf4 {[%emt 0:00:00]} Nf6 {[%emt 0:01:04]} 3. e3 {[%emt 0:00:00]} Bf5 {[%emt 0:00:55]} 4. c4 {[%emt 0:04:28]} c6 {[%emt 0:09:27]} 5. Nc3 {[%emt 0:02:56]} dxc4 {[%emt 0:06:54]} 6. Bxc4 {[%emt 0:02:06]} e6 {[%emt 0:00:56]} 7. Nge2 {[%emt 0:04:31]} Bb4 {[%emt 0:15:47]} 8. O-O {[%emt 0:05:16]} O-O {[%emt 0:02:18]} 9. a3 {[%emt 0:10:00]} Bxc3 {[%emt 0:04:28]} 10. Nxc3 {[%emt 0:00:31]} Nd5 {[%emt 0:00:23]} 11. Bg3 {[%emt 0:01:03]} Nd7 {[%emt 0:03:58]} 12. Qe2 {[%emt 0:14:40]} N7b6 {[%emt 0:12:09]} 13. Bb3 {[%emt 0:04:10]} Bg6 {[%emt 0:03:16]} 14. e4 {[%emt 0:09:49]} Nxc3 {[%emt 0:00:17]} 15. bxc3 {[%emt 0:00:03]} Qe7 {[%emt 0:00:10]} 16. f4 {[%emt 0:03:59]} c5 {[%emt 0:01:53]} 17. Qf3 {[%emt 0:02:31]} c4 {[%emt 0:00:23]} 18. Bc2 {[%emt 0:00:39]} f5 {[%emt 0:00:16]} 19. Rfe1 {[%emt 0:01:56]} fxe4 {[%emt 0:03:08]} 20. Bxe4 {[%emt 0:01:51]} Bxe4 {[%emt 0:00:45]} 21. Rxe4 {[%emt 0:01:19]} Rae8 {[%emt 0:00:24]} 22. a4 {[%emt 0:04:12]} Nd5 {[%emt 0:01:03]} 23. Rae1 {[%emt 0:04:29]} Qd7 {[%emt 0:01:12]} 24. Re5 {[%emt 0:01:51]} g6 {[%emt 0:02:02]} 25. h4 {[%emt 0:05:54]} Rf5 {[%emt 0:10:43]} 26. h5 {[%emt 0:00:16]} Kf7 {[%emt 0:03:48]} 27. hxg6+ {[%emt 0:00:46]} hxg6 {[%emt 0:00:01]} 28. Rxf5+ {[%emt 0:03:31]} exf5 {[%emt 0:02:36]} 29. Rxe8 {[%emt 0:00:10]} Kxe8 {[%emt 0:00:06]} 30. Qe2+ {[%emt 0:00:04]} Qe7 {[%emt 0:00:09]} 31. Qxc4 {[%emt 0:00:06]} Qe3+ {[%emt 0:00:46]} 32. Kh2 {[%emt 0:00:08]} Nf6 {[%emt 0:01:37]} 33. Qc8+ {[%emt 0:01:08]} Kf7 {[%emt 0:00:05]} 34. Qxb7+ {[%emt 0:00:11]} Kg8 {[%emt 0:00:32]} 35. Qb8+ {[%emt 0:07:57]} Kh7 {[%emt 0:01:18]} 36. Qf8 {[%emt 0:02:19]} Ng4+ {[%emt 0:06:12]} 37. Kh3 {[%emt 0:00:05]} Nf2+ {[%emt 0:04:00]} 38. Kh2 {[%emt 0:00:54]} Ng4+ {[%emt 0:01:00]} 39. Kh3 {[%emt 0:00:04]} Nf2+ {[%emt 0:00:35]} 1/2-1/2

[Event "11th Arad Open 2018"]
[Site "Arad"]
[Date "2018.08.11"]
[Round "8"]
[White "Gilea, Lucian"]
[Black "Soltanici, Ruslan"]
[Result "1/2-1/2"]
[WhiteElo "2279"]
[BlackElo "2383"]
[Annotator "NA"]
[PlyCount "25"]
[EventDate "2018.08.05"]
[EventType "swiss"]
[EventCountry "ROU"]
[SourceTitle "playchess.com"]
[Source "ChessBase"]
[SourceQuality "1"]
[TimeControl "40/5400+30:1800+30"]

1. d4 {[%emt 0:00:00]} Nf6 {[%emt 0:00:00]} 2. Nf3 {[%emt 0:00:00]} e6 {[%emt 0:00:23]} 3. Bg5 {[%emt 0:00:24]} c5 {[%emt 0:03:39]} 4. c3 {[%emt 0:00:15]} d5 {[%emt 0:03:06]} 5. e3 {[%emt 0:00:50]} Qb6 {[%emt 0:00:38]} 6. Qb3 {[%emt 0:02:05]} Nc6 {[%emt 0:04:15]} 7. Nbd2 {[%emt 0:00:13]} Bd6 {[%emt 0:13:48]} 8. dxc5 {[%emt 0:24:59]} Bxc5 {[%emt 0:01:41]} 9. Rd1 {[%emt 0:00:08]} Qxb3 {[%emt 0:27:05]} 10. Nxb3 {[%emt 0:02:24]} Be7 {[%emt 0:03:53]} 11. Nbd4 {[%emt 0:04:35]} h6 {[%emt 0:03:58]} 12. Bf4 {[%emt 0:04:38]} Nh5 {[%emt 0:06:55]} 13. Bc7 {[%emt 0:06:12]} 1/2-1/2

[Event "11th Arad Open 2018"]
[Site "Arad"]
[Date "2018.08.11"]
[Round "8"]
[White "Cvetkovic, Srdjan"]
[Black "Bai, Adelard"]
[Result "1/2-1/2"]
[WhiteElo "2252"]
[BlackElo "2071"]
[Annotator "NA"]
[PlyCount "39"]
[EventDate "2018.08.05"]
[EventType "swiss"]
[EventCountry "ROU"]
[SourceTitle "playchess.com"]
[Source "ChessBase"]
[SourceQuality "1"]
[TimeControl "40/5400+30:1800+30"]

1. c4 {[%emt 0:00:00]} g6 {[%emt 0:00:04]} 2. g3 {[%emt 0:00:35]} Bg7 {[%emt 0:00:10]} 3. Bg2 {[%emt 0:00:07]} e5 {[%emt 0:00:20]} 4. Nc3 {[%emt 0:01:05]} d6 {[%emt 0:01:31]} 5. d3 {[%emt 0:08:00]} f5 {[%emt 0:01:07]} 6. e3 {[%emt 0:01:45]} Nf6 {[%emt 0:00:25]} 7. Nge2 {[%emt 0:00:31]} O-O {[%emt 0:00:30]} 8. Bd2 {[%emt 0:07:11]} c6 {[%emt 0:04:42]} 9. b3 {[%emt 0:27:24]} Be6 {[%emt 0:05:33]} 10. d4 {[%emt 0:06:14]} e4 {[%emt 0:02:56]} 11. Nf4 {[%emt 0:15:18]} Bf7 {[%emt 0:00:15]} 12. h4 {[%emt 0:01:25]} h6 {[%emt 0:02:09]} 13. Qc2 {[%emt 0:07:17]} a6 {[%emt 0:02:18]} 14. Rc1 {[%emt 0:02:35]} Nbd7 {[%emt 0:01:25]} 15. Bh3 {[%emt 0:01:05]} g5 {[%emt 0:03:03]} 16. hxg5 {[%emt 0:01:26]} hxg5 {[%emt 0:00:05]} 17. Bxf5 {[%emt 0:00:29]} gxf4 {[%emt 0:00:12]} 18. Nxe4 {[%emt 0:00:20]} Re8 19. Nxd6 fxg3 20. fxg3 1/2-1/2

[Event "11th Arad Open 2018"]
[Site "Arad"]
[Date "2018.08.11"]
[Round "8"]
[White "Vujacic, Borivoje"]
[Black "Farkas, Gabor"]
[Result "1-0"]
[WhiteElo "2235"]
[BlackElo "2366"]
[Annotator "NA"]
[PlyCount "187"]
[EventDate "2018.08.05"]
[EventType "swiss"]
[EventCountry "ROU"]
[SourceTitle "playchess.com"]
[Source "ChessBase"]
[SourceQuality "1"]
[TimeControl "40/5400+30:1800+30"]

1. e4 {[%emt 0:00:00]} d6 {[%emt 0:00:00]} 2. d4 {[%emt 0:00:00]} g6 {[%emt 0:00:00]} 3. Nc3 {[%emt 0:00:04]} Bg7 {[%emt 0:00:00]} 4. Be3 {[%emt 0:00:09]} a6 {[%emt 0:00:00]} 5. a4 {[%emt 0:00:15]} Nf6 {[%emt 0:06:01]} 6. h3 {[%emt 0:00:32]} b6 {[%emt 0:00:28]} 7. Nf3 {[%emt 0:10:45]} e6 {[%emt 0:06:18]} 8. Qd2 {[%emt 0:00:48]} Bb7 {[%emt 0:01:18]} 9. Bd3 {[%emt 0:00:16]} O-O {[%emt 0:05:37]} 10. Bh6 {[%emt 0:00:37]} c5 {[%emt 0:12:29]} 11. Bxg7 {[%emt 0:11:56]} Kxg7 {[%emt 0:00:06]} 12. e5 {[%emt 0:00:52]} Ne8 {[%emt 0:00:30]} 13. Be4 {[%emt 0:04:52]} d5 {[%emt 0:08:59]} 14. Bd3 {[%emt 0:00:11]} Nc6 {[%emt 0:00:05]} 15. O-O {[%emt 0:02:27]} cxd4 {[%emt 0:01:32]} 16. Ne2 {[%emt 0:01:31]} f6 {[%emt 0:02:17]} 17. Nexd4 {[%emt 0:00:24]} Nxd4 {[%emt 0:07:13]} 18. Nxd4 {[%emt 0:01:30]} Nc7 {[%emt 0:00:05]} 19. Qe3 {[%emt 0:03:58]} Qe7 {[%emt 0:03:32]} 20. c3 {[%emt 0:03:21]} Rae8 {[%emt 0:03:57]} 21. Rae1 {[%emt 0:01:24]} a5 {[%emt 0:04:21]} 22. Qe2 {[%emt 0:02:53]} fxe5 {[%emt 0:00:48]} 23. Qxe5+ {[%emt 0:00:08]} Rf6 {[%emt 0:00:12]} 24. Re3 {[%emt 0:03:53]} Ba6 {[%emt 0:04:32]} 25. Rfe1 {[%emt 0:03:44]} Bxd3 {[%emt 0:01:12]} 26. Rxd3 {[%emt 0:00:21]} Kg8 {[%emt 0:03:38]} 27. Rf3 {[%emt 0:02:09]} Rxf3 {[%emt 0:00:29]} 28. Nxf3 {[%emt 0:00:06]} Rf8 {[%emt 0:02:39]} 29. Nd4 {[%emt 0:00:18]} Qf6 {[%emt 0:00:30]} 30. Qe3 {[%emt 0:03:39]} Re8 {[%emt 0:01:24]} 31. Nc6 {[%emt 0:03:16]} Na8 {[%emt 0:04:57]} 32. Ne5 {[%emt 0:02:36]} Qe7 {[%emt 0:02:35]} 33. Ng4 {[%emt 0:03:22]} Qg7 {[%emt 0:03:23]} 34. Qg5 {[%emt 0:00:57]} Re7 {[%emt 0:07:23]} 35. Nf6+ {[%emt 0:08:02]} Kf8 {[%emt 0:00:06]} 36. Re3 {[%emt 0:00:15]} Nc7 {[%emt 0:01:39]} 37. Rf3 {[%emt 0:01:11]} Rf7 {[%emt 0:00:05]} 38. Nd7+ {[%emt 0:04:26]} Ke8 {[%emt 0:00:06]} 39. Rxf7 Qxf7 {[%emt 0:03:47]} 40. Nxb6 {[%emt 0:00:00]} Qg7 {[%emt 0:00:00]} 41. Qe3 {[%emt 0:16:27]} e5 {[%emt 0:19:29]} 42. Qc5 {[%emt 0:01:11]} d4 {[%emt 0:00:18]} 43. Nc4 {[%emt 0:04:25]} d3 {[%emt 0:01:19]} 44. Nd6+ {[%emt 0:02:44]} Kd7 {[%emt 0:00:27]} 45. Ne4 {[%emt 0:00:47]} Qh6 {[%emt 0:01:56]} 46. Qd6+ {[%emt 0:03:10]} Kc8 {[%emt 0:00:12]} 47. Qxd3 {[%emt 0:01:17]} Qc1+ {[%emt 0:00:07]} 48. Kh2 {[%emt 0:00:27]} Qxb2 {[%emt 0:00:20]} 49. Qd6 {[%emt 0:04:39]} Qa2 {[%emt 0:03:41]} 50. Nc5 {[%emt 0:01:25]} Qd5 {[%emt 0:02:36]} 51. Qf8+ {[%emt 0:01:03]} Qd8 {[%emt 0:00:08]} 52. Qxd8+ {[%emt 0:00:16]} Kxd8 {[%emt 0:00:05]} 53. Nb7+ {[%emt 0:00:04]} Kd7 {[%emt 0:01:35]} 54. Nxa5 {[%emt 0:00:07]} Nd5 {[%emt 0:00:03]} 55. Nc4 {[%emt 0:01:22]} Nxc3 {[%emt 0:00:12]} 56. Nxe5+ {[%emt 0:00:45]} Ke6 {[%emt 0:00:41]} 57. Nf3 {[%emt 0:00:11]} Nxa4 {[%emt 0:00:34]} 58. Ng5+ {[%emt 0:00:06]} Kf6 {[%emt 0:00:13]} 59. Nxh7+ {[%emt 0:00:05]} Kg7 {[%emt 0:00:03]} 60. Ng5 {[%emt 0:00:11]} Nc5 {[%emt 0:00:06]} 61. Kg3 {[%emt 0:00:37]} Nd3 {[%emt 0:00:25]} 62. Ne6+ {[%emt 0:03:05]} Kf6 {[%emt 0:00:20]} 63. Nf4 {[%emt 0:00:19]} Nc5 {[%emt 0:00:06]} 64. Kf3 {[%emt 0:00:22]} Nd7 {[%emt 0:00:16]} 65. Ke4 {[%emt 0:00:28]} Nc5+ {[%emt 0:00:07]} 66. Kd4 {[%emt 0:00:35]} Nb3+ {[%emt 0:00:09]} 67. Kc4 {[%emt 0:01:07]} Nd2+ {[%emt 0:00:18]} 68. Kd3 {[%emt 0:00:13]} Nb3 {[%emt 0:00:05]} 69. Nd5+ {[%emt 0:00:42]} Ke5 {[%emt 0:02:48]} 70. Nc3 {[%emt 0:01:50]} Nc5+ {[%emt 0:00:10]} 71. Ke3 {[%emt 0:00:07]} Ne6 {[%emt 0:00:10]} 72. g3 {[%emt 0:00:17]} Ng7 {[%emt 0:00:10]} 73. f4+ {[%emt 0:00:13]} Ke6 {[%emt 0:00:23]} 74. g4 {[%emt 0:00:17]} Ne8 {[%emt 0:00:10]} 75. Ne4 {[%emt 0:00:17]} Nc7 {[%emt 0:00:12]} 76. Ng5+ {[%emt 0:00:37]} Kf6 {[%emt 0:00:05]} 77. Ke4 {[%emt 0:00:26]} Nb5 {[%emt 0:00:06]} 78. Nf3 {[%emt 0:00:54]} Nc3+ {[%emt 0:00:14]} 79. Kd4 {[%emt 0:00:38]} Ne2+ {[%emt 0:00:27]} 80. Ke3 {[%emt 0:00:10]} Nc3 {[%emt 0:00:14]} 81. g5+ {[%emt 0:00:26]} Kg7 {[%emt 0:00:16]} 82. Nd4 {[%emt 0:00:28]} Nd5+ {[%emt 0:00:25]} 83. Ke4 {[%emt 0:00:38]} Nc3+ {[%emt 0:00:04]} 84. Ke5 {[%emt 0:00:39]} Nd1 {[%emt 0:00:11]} 85. h4 {[%emt 0:00:46]} Nf2 {[%emt 0:00:55]} 86. f5 {[%emt 0:00:12]} gxf5 {[%emt 0:00:23]} 87. Kxf5 {[%emt 0:00:21]} Nd1 {[%emt 0:00:16]} 88. h5 {[%emt 0:00:23]} Ne3+ {[%emt 0:00:07]} 89. Ke4 {[%emt 0:01:09]} Nc4 {[%emt 0:00:17]} 90. Nf5+ {[%emt 0:00:22]} Kg8 {[%emt 0:00:57]} 91. g6 {[%emt 0:00:15]} Nb6 {[%emt 0:00:12]} 92. h6 {[%emt 0:00:12]} Nd7 {[%emt 0:00:28]} 93. Ne7+ {[%emt 0:00:14]} Kf8 {[%emt 0:00:04]} 94. Kf5 {[%emt 0:00:48]} 1-0

[Event "11th Arad Open 2018"]
[Site "Arad"]
[Date "2018.08.11"]
[Round "8"]
[White "Geiger, Alex-Emanuel"]
[Black "Panush, Viktor"]
[Result "1-0"]
[WhiteElo "2229"]
[BlackElo "1970"]
[Annotator "NA"]
[PlyCount "63"]
[EventDate "2018.08.05"]
[EventType "swiss"]
[EventCountry "ROU"]
[SourceTitle "playchess.com"]
[Source "ChessBase"]
[SourceQuality "1"]
[TimeControl "40/5400+30:1800+30"]

1. e4 {[%emt 0:00:00]} d6 {[%emt 0:00:15]} 2. d4 {[%emt 0:00:00]} Nf6 {[%emt 0:00:11]} 3. Nc3 {[%emt 0:00:01]} c6 {[%emt 0:01:09]} 4. f4 {[%emt 0:00:21]} Qa5 {[%emt 0:01:26]} 5. e5 {[%emt 0:01:12]} Ne4 {[%emt 0:01:36]} 6. Qf3 {[%emt 0:00:42]} d5 {[%emt 0:01:39]} 7. Bd3 {[%emt 0:00:49]} Nxc3 {[%emt 0:04:14]} 8. Bd2 {[%emt 0:00:07]} e6 {[%emt 0:00:37]} 9. bxc3 {[%emt 0:01:39]} Qa4 {[%emt 0:01:25]} 10. Ne2 {[%emt 0:07:39]} g6 {[%emt 0:06:17]} 11. O-O {[%emt 0:10:03]} b6 {[%emt 0:04:03]} 12. Kh1 {[%emt 0:07:55]} Ba6 {[%emt 0:02:45]} 13. f5 {[%emt 0:06:34]} gxf5 {[%emt 0:02:44]} 14. g4 {[%emt 0:03:28]} Nd7 {[%emt 0:08:39]} 15. gxf5 {[%emt 0:11:07]} Bxd3 {[%emt 0:06:23]} 16. cxd3 {[%emt 0:00:49]} O-O-O {[%emt 0:01:46]} 17. Qh5 {[%emt 0:05:29]} Ba3 {[%emt 0:07:06]} 18. Nf4 {[%emt 0:03:31]} Qc2 {[%emt 0:03:09]} 19. Rad1 {[%emt 0:01:52]} Rdf8 {[%emt 0:01:38]} 20. Qh6 {[%emt 0:01:13]} Re8 {[%emt 0:03:38]} 21. Qh5 {[%emt 0:07:40]} Ref8 {[%emt 0:03:09]} 22. Qh3 {[%emt 0:00:05]} exf5 {[%emt 0:09:29]} 23. Qxf5 {[%emt 0:00:04]} Bb2 {[%emt 0:03:13]} 24. Nh5 {[%emt 0:06:31]} h6 {[%emt 0:05:08]} 25. Nf6 {[%emt 0:03:10]} Rd8 {[%emt 0:00:25]} 26. Nxd7 {[%emt 0:03:22]} Rxd7 {[%emt 0:00:57]} 27. Qf6 {[%emt 0:00:07]} Rh7 {[%emt 0:04:32]} 28. Qxc6+ {[%emt 0:00:59]} Kd8 {[%emt 0:00:17]} 29. Qa8+ {[%emt 0:01:11]} Kc7 {[%emt 0:01:10]} 30. Qxa7+ {[%emt 0:00:09]} Kc8 {[%emt 0:00:32]} 31. Qa8+ {[%emt 0:00:30]} Kc7 {[%emt 0:00:14]} 32. Bf4 {[%emt 0:00:56] Kc8} 1-0

[Event "11th Arad Open 2018"]
[Site "Arad"]
[Date "2018.08.11"]
[Round "8"]
[White "Martian, Dragos-Daniel"]
[Black "Peptan, Corina-Isabela"]
[Result "1/2-1/2"]
[WhiteElo "2223"]
[BlackElo "2380"]
[Annotator "NA"]
[PlyCount "97"]
[EventDate "2018.08.05"]
[EventType "swiss"]
[EventCountry "ROU"]
[SourceTitle "playchess.com"]
[Source "ChessBase"]
[SourceQuality "1"]
[TimeControl "40/5400+30:1800+30"]

1. e4 {[%emt 0:03:33]} c5 {[%emt 0:00:00]} 2. c3 {[%emt 0:00:14]} e6 {[%emt 0:00:07]} 3. d4 {[%emt 0:00:06]} d5 {[%emt 0:00:07]} 4. Nd2 {[%emt 0:00:39]} cxd4 {[%emt 0:02:26]} 5. cxd4 {[%emt 0:00:05]} Nc6 {[%emt 0:00:11]} 6. Ngf3 {[%emt 0:00:15]} dxe4 {[%emt 0:02:46]} 7. Nxe4 {[%emt 0:00:07]} Be7 {[%emt 0:01:23]} 8. Bd3 {[%emt 0:00:44]} Nf6 {[%emt 0:00:12]} 9. O-O {[%emt 0:00:36]} O-O {[%emt 0:00:44]} 10. Nc3 {[%emt 0:00:17]} b6 {[%emt 0:00:40]} 11. a3 {[%emt 0:00:15]} Bb7 {[%emt 0:00:59]} 12. Re1 {[%emt 0:00:20]} Qd6 {[%emt 0:01:59]} 13. Be3 {[%emt 0:11:06]} Rad8 {[%emt 0:21:24]} 14. Qe2 {[%emt 0:04:04]} Ng4 {[%emt 0:06:37]} 15. Rad1 {[%emt 0:03:41]} Nxe3 {[%emt 0:07:32]} 16. fxe3 {[%emt 0:00:35]} g6 {[%emt 0:01:06]} 17. Bb1 {[%emt 0:04:08]} Bf6 {[%emt 0:03:46]} 18. Ne4 {[%emt 0:07:27]} Qe7 {[%emt 0:00:14]} 19. Nxf6+ {[%emt 0:00:23]} Qxf6 {[%emt 0:00:03]} 20. Be4 {[%emt 0:03:03]} Qe7 {[%emt 0:04:58]} 21. Rc1 {[%emt 0:01:25]} Rc8 {[%emt 0:06:45]} 22. b4 {[%emt 0:01:12]} Nb8 {[%emt 0:06:37]} 23. Bxb7 {[%emt 0:02:20]} Qxb7 {[%emt 0:00:01]} 24. b5 {[%emt 0:01:52]} Nd7 {[%emt 0:01:46]} 25. e4 {[%emt 0:14:43]} Nf6 {[%emt 0:03:35]} 26. Rxc8 {[%emt 0:02:29]} Rxc8 {[%emt 0:00:01]} 27. Ne5 {[%emt 0:00:25]} Ne8 {[%emt 0:16:34]} 28. Nc6 {[%emt 0:11:38]} a6 {[%emt 0:00:11]} 29. a4 {[%emt 0:00:38]} axb5 {[%emt 0:00:23]} 30. axb5 {[%emt 0:00:03]} Nd6 {[%emt 0:00:34]} 31. d5 {[%emt 0:01:35]} Re8 {[%emt 0:06:28]} 32. dxe6 {[%emt 0:08:11]} fxe6 {[%emt 0:00:10]} 33. Qd3 {[%emt 0:00:28]} Nf7 {[%emt 0:01:10]} 34. Rd1 {[%emt 0:05:00]} Qc7 {[%emt 0:03:31]} 35. e5 {[%emt 0:01:53]} Ra8 {[%emt 0:00:40]} 36. Qf3 {[%emt 0:00:22]} Re8 {[%emt 0:01:25]} 37. Ra1 {[%emt 0:02:01]} Nd8 {[%emt 0:00:05]} 38. Ra7 {[%emt 0:02:38]} Nb7 {[%emt 0:00:01]} 39. h3 {[%emt 0:00:38]} Rf8 {[%emt 0:00:33]} 40. Qd1 {[%emt 0:00:00]} Rf7 {[%emt 0:00:00]} 41. Qd4 {[%emt 0:24:42]} Kg7 {[%emt 0:17:32]} 42. Qg4 {[%emt 0:05:07]} Qc8 {[%emt 0:01:27]} 43. Qd4 {[%emt 0:01:13]} Qf8 {[%emt 0:02:54]} 44. Kh2 {[%emt 0:01:03]} Nc5 {[%emt 0:01:52]} 45. Rxf7+ {[%emt 0:05:20]} Qxf7 {[%emt 0:00:01]} 46. Kg1 {[%emt 0:01:47]} Qf5 {[%emt 0:01:18]} 47. Qd6 {[%emt 0:01:13]} Qf4 {[%emt 0:04:21]} 48. Qc7+ {[%emt 0:01:13]} Kh6 {[%emt 0:00:06]} 49. Qxb6 {[%emt 0:00:35]} 1/2-1/2

[Event "11th Arad Open 2018"]
[Site "Arad"]
[Date "2018.08.11"]
[Round "8"]
[White "Weinzettl, Ernst"]
[Black "Carasca, Bogdan-Petru"]
[Result "1-0"]
[WhiteElo "2215"]
[BlackElo "1993"]
[Annotator "NA"]
[PlyCount "91"]
[EventDate "2018.08.05"]
[EventType "swiss"]
[EventCountry "ROU"]
[SourceTitle "playchess.com"]
[Source "ChessBase"]
[SourceQuality "1"]
[TimeControl "40/5400+30:1800+30"]

1. e4 c5 2. Nf3 d6 3. Bb5+ Bd7 4. a4 Nc6 5. O-O Nf6 6. Re1 g6 7. c3 Bg7 8. d4 O-O 9. h3 a6 10. Bf1 e5 11. Na3 Qc7 12. dxc5 dxc5 13. Nc4 Rfd8 14. Qd6 Qxd6 15. Nxd6 Bc8 16. Nxc8 Raxc8 17. a5 h6 18. Nd2 Rd7 19. Nc4 Rcd8 20. f3 Nh5 21. Be3 Bf8 22. Nb6 Rc7 23. Nd5 Rcc8 24. g4 Nf4 25. Nxf4 exf4 26. Bxf4 g5 27. Be3 Ne5 28. Kf2 c4 29. Red1 Bd6 30. Bb6 Bc5+ 31. Bxc5 Rxd1 32. Rxd1 Rxc5 33. Rd5 Rb5 34. Ke3 Nc6 35. Bxc4 Rxb2 36. Rf5 Nd8 37. Rc5 Kf8 38. Rc7 Rb1 39. Bd5 Rb5 40. Kd4 Rxa5 41. Ke5 Rb5 42. c4 Rb4 43. c5 a5 44. Kf6 a4 45. Rc8 Ke8 46. c6 1-0